[Event "Biella Vercelli Province-ch"]
[Site "Santhia"]
[Date "2013.03.15"]
[Round "2"]
[White "Bardone, Lorenzo"]
[Black "Saviano, Sabato"]
[Result "1-0"]
[WhiteElo "1959"]
[BlackElo "1752"]
[PlyCount "57"]
[EventDate "2013.03.08"]
[EventType "swiss"]
[EventRounds "5"]
[EventCountry "ITA"]
[SourceTitle "EXT 2014"]
[Source "ChessBase"]
[SourceDate "2013.11.20"]
[SourceVersion "1"]
[SourceVersionDate "2013.11.20"]
[SourceQuality "1"]

1. e4 c6 2. d4 d5 3. e5 Bf5 4. Nf3 e6 5. Be2 Bb4+ 6. Nbd2 Ne7 7. 0-0 0-0 8. c3 Ba5 9. Nh4 h6 10. Nxf5 Nxf5 11. g4 Nh4 12. f4 Nd7 13. Nf3 f5 14. Qe1 Nxf3+ 15. Bxf3 fxg4 16. Bxg4 Qe7 17. Qg3 c5 18. f5 exf5 19. Bxf5 g5 20. h4 Rf7 21. hxg5 Rg7 22. Qh3 hxg5 23. Be6+ Qxe6 24. Qxe6+ Kh8 25. Kg2 Nf8 26. Rh1+ Nh7 27. Be3 Rf8 28. Rh5 g4 29. Rah1 1-0

[Event "Biella op-B 3rd"]
[Site "Biella"]
[Date "2012.09.28"]
[Round "1"]
[White "Saviano, Sabato"]
[Black "Benenati, Gianfranco"]
[Result "1-0"]
[WhiteElo "1708"]
[BlackElo "1889"]
[PlyCount "77"]
[EventDate "2012.09.28"]
[EventType "swiss"]
[EventRounds "5"]
[EventCountry "ITA"]
[SourceTitle "EXT 2024"]
[Source "ChessBase"]
[SourceDate "2023.10.10"]
[SourceVersion "1"]
[SourceVersionDate "2023.10.10"]
[SourceQuality "1"]

1. c4 Nf6 2. Nc3 g6 3. e4 d6 4. d3 Bg7 5. h3 Nc6 6. Nf3 0-0 7. Be2 h6 8. 0-0 e5 9. Be3 Kh7 10. Nh2 Ng8 11. f4 exf4 12. Bxf4 Nd4 13. Bg4 c6 14. Bxc8 Rxc8 15. Qd2 Qe7 16. Ng4 h5 17. Nh2 Ne6 18. Be3 Bd4 19. Nf3 Bxe3+ 20. Qxe3 Ra8 21. Rf2 Nh6 22. Raf1 f5 23. exf5 Nxf5 24. Qxe6 Rfe8 25. Qxe7+ Rxe7 26. Ne4 Kg7 27. g4 hxg4 28. hxg4 Ne3 29. Re1 Nxg4 30. Rg2 Ne5 31. Nxe5 Rxe5 32. Rf1 d5 33. Nd6 dxc4 34. Rf7+ Kh6 35. Rf6 Re1+ 36. Kf2 Rh1 37. Rfxg6+ Kh7 38. Rg7+ Kh6 39. Nf7+ 1-0

[Event "Condino op"]
[Site "Condino"]
[Date "2009.07.30"]
[Round "5"]
[White "Carfagna, Alex"]
[Black "Saviano, Sabato"]
[Result "1-0"]
[WhiteElo "1560"]
[BlackElo "1695"]
[PlyCount "73"]
[EventDate "2009.07.27"]
[EventType "swiss"]
[EventRounds "7"]
[EventCountry "ITA"]
[SourceTitle "CBM 131 Extra"]
[Source "ChessBase"]
[SourceDate "2009.09.03"]
[SourceVersion "2"]
[SourceVersionDate "2009.09.16"]
[SourceQuality "1"]

1. e4 c6 2. d4 d5 3. e5 Bf5 4. Nf3 Bg4 5. Be2 e6 6. 0-0 h6 7. c3 Ne7 8. h3 Bxf3 9. Bxf3 Ng6 10. Bh5 Nh4 11. Re1 Nd7 12. a3 Be7 13. b4 Bg5 14. Bxg5 Qxg5 15. Qg4 0-0-0 16. Qxg5 hxg5 17. Bxf7 Nf8 18. Nd2 Kd7 19. g3 Ke7 20. gxh4 Kxf7 21. hxg5 Rxh3 22. Re3 Rxe3 23. fxe3 Kg6 24. Nf3 Nh7 25. Kf2 Rf8 26. Rg1 a6 27. Ke2 Rh8 28. Kd3 Nf8 29. c4 Rh3 30. Nd2 Nh7 31. cxd5 cxd5 32. a4 Nxg5 33. Nb3 b6 34. a5 bxa5 35. bxa5 Rh8 36. Nc5 Kh6 37. Rh1+ 1-0

[Event "Condino op"]
[Site "Condino"]
[Date "2009.07.28"]
[Round "3"]
[White "Fragni, Enrico"]
[Black "Saviano, Sabato"]
[Result "1-0"]
[WhiteElo "1762"]
[BlackElo "1695"]
[PlyCount "45"]
[EventDate "2009.07.27"]
[EventType "swiss"]
[EventRounds "7"]
[EventCountry "ITA"]
[SourceTitle "CBM 131 Extra"]
[Source "ChessBase"]
[SourceDate "2009.09.03"]
[SourceVersion "2"]
[SourceVersionDate "2009.09.16"]
[SourceQuality "1"]

1. Nf3 d5 2. e3 Bg4 3. Be2 Nc6 4. d4 Nf6 5. Nbd2 e5 6. dxe5 Nxe5 7. Nxe5 Bxe2 8. Qxe2 Bd6 9. Nef3 Qe7 10. 0-0 h5 11. b3 g5 12. Bb2 g4 13. Nh4 Qe6 14. Qb5+ c6 15. Qxb7 0-0 16. Qa6 c5 17. g3 Rfb8 18. Qd3 Ne4 19. Nxe4 dxe4 20. Qc3 Kf8 21. Rad1 Rd8 22. Rxd6 Qxd6 23. Qg7+ 1-0

[Event "Condino op"]
[Site "Condino"]
[Date "2009.07.27"]
[Round "1"]
[White "Gardi, Giuseppe"]
[Black "Saviano, Sabato"]
[Result "1-0"]
[WhiteElo "2017"]
[BlackElo "1695"]
[PlyCount "107"]
[EventDate "2009.07.27"]
[EventType "swiss"]
[EventRounds "7"]
[EventCountry "ITA"]
[SourceTitle "CBM 131 Extra"]
[Source "ChessBase"]
[SourceDate "2009.09.03"]
[SourceVersion "2"]
[SourceVersionDate "2009.09.16"]
[SourceQuality "1"]

1. d4 d5 2. Nf3 Nf6 3. Bf4 e6 4. e3 Bb4+ 5. c3 Bd6 6. Bg3 a6 7. Bd3 h6 8. Nbd2 Nc6 9. Qe2 Qe7 10. Ne5 Bxe5 11. dxe5 Nd7 12. f4 Nc5 13. Bc2 Bd7 14. b4 Ne4 15. Nxe4 dxe4 16. Bxe4 Nxb4 17. 0-0 Nd5 18. Qd3 Qc5 19. Bxd5 exd5 20. Rfd1 c6 21. Bf2 Qe7 22. e4 dxe4 23. Qxe4 0-0 24. Rd6 Be6 25. c4 g6 26. Bb6 Rfe8 27. Rad1 Bg4 28. R1d2 Bf5 29. Qe2 Qh4 30. g3 Qe7 31. g4 Be6 32. h3 Qh4 33. Kg2 a5 34. Qe4 h5 35. Bf2 Qe7 36. gxh5 Qf8 37. hxg6 Qg7 38. f5 Bxf5 39. Qxf5 Rxe5 40. Rd8+ Re8 41. R8d7 Qxg6+ 42. Qxg6+ fxg6 43. R2d6 Re2 44. Rxg6+ Kf8 45. a3 b5 46. cxb5 cxb5 47. Rdg7 b4 48. Kf3 Re5 49. Bd4 Rf5+ 50. Ke4 Rh5 51. Rg8+ Kf7 52. R6g7+ Ke6 53. Rxa8 bxa3 54. Ra6# 1-0

[Event "Ivrea Eporediese op 26th"]
[Site "Ivrea"]
[Date "2009.03.12"]
[Round "9"]
[White "Saviano, Sabato"]
[Black "Caresana, Alessandro"]
[Result "0-1"]
[WhiteElo "1696"]
[BlackElo "2010"]
[PlyCount "70"]
[EventDate "2009.01.15"]
[EventType "swiss"]
[EventRounds "9"]
[EventCountry "ITA"]
[SourceTitle "EXT 2011"]
[Source "ChessBase"]
[SourceDate "2010.11.26"]
[SourceVersion "1"]
[SourceVersionDate "2010.11.26"]
[SourceQuality "1"]

1. d4 Nf6 2. c4 e5 3. d5 Bc5 4. h3 Bxf2+ 5. Kxf2 Ne4+ 6. Ke3 f5 7. Nf3 Qf6 8. Nc3 Qb6+ 9. c5 Qxc5+ 10. Nd4 Nxc3 11. bxc3 Qxc3+ 12. Kf2 Qxa1 13. Nc2 Qxa2 14. e3 0-0 15. Kg1 d6 16. Be2 Qa4 17. h4 f4 18. exf4 Bf5 19. Bd3 Bxd3 20. Qxd3 Nd7 21. f5 Nc5 22. Qe2 Ne4 23. Rh3 Nf6 24. h5 Qe4 25. Ne3 Nxd5 26. h6 Nxe3 27. Rxe3 Qd4 28. Qh5 Rf7 29. hxg7 Qf4 30. Qd1 Qxf5 31. Rf3 Qe6 32. Rh3 Rxg7 33. Kh1 Rf8 34. Bh6 Qf7 35. Rf3 Qh5+ 0-1

[Event "Ivrea Eporediese op 26th"]
[Site "Ivrea"]
[Date "2009.02.19"]
[Round "6"]
[White "Saviano, Sabato"]
[Black "Guglielmi, Nicolo"]
[Result "0-1"]
[WhiteElo "1696"]
[BlackElo "1950"]
[PlyCount "80"]
[EventDate "2009.01.15"]
[EventType "swiss"]
[EventRounds "9"]
[EventCountry "ITA"]
[SourceTitle "EXT 2011"]
[Source "ChessBase"]
[SourceDate "2010.11.26"]
[SourceVersion "1"]
[SourceVersionDate "2010.11.26"]
[SourceQuality "1"]

1. d4 d5 2. c4 c6 3. cxd5 cxd5 4. Nc3 Nf6 5. e3 e6 6. Bd3 Be7 7. Nge2 0-0 8. 0-0 b6 9. Qc2 Ba6 10. f3 Bxd3 11. Qxd3 Nc6 12. a3 Na5 13. Qd1 Qd7 14. Kh1 Rac8 15. Rb1 Rfd8 16. Bd2 Nc4 17. Bc1 b5 18. Ng3 Nxa3 19. bxa3 Rxc3 20. e4 Rdc8 21. Bb2 R3c4 22. e5 Ne8 23. f4 g6 24. Qg4 Ng7 25. h4 h5 26. Qh3 Qd8 27. Ne2 Bxh4 28. g4 hxg4 29. Qxg4 Rc2 30. Ng1 Nf5 31. Rf3 Rf2 32. Rh3 Rcc2 33. Nf3 Rxb2 34. Rg1 Rb3 35. Rxh4 Rfxf3 36. Rh2 Rg3 37. Qd1 Rxg1+ 38. Qxg1 Ng3+ 39. Kg2 Qc7 40. Qd1 Qc3 0-1

[Event "Napoli Natale al Vomero 2nd"]
[Site "Napoli"]
[Date "2005.11.24"]
[Round "4"]
[White "Saviano, Sabato"]
[Black "Altieri, Danilo Mario"]
[Result "1-0"]
[WhiteElo "1721"]
[BlackElo "2012"]
[PlyCount "79"]
[EventDate "2005.11.03"]
[EventType "swiss"]
[EventRounds "6"]
[EventCountry "ITA"]
[SourceTitle "EXT 2018"]
[Source "ChessBase"]
[SourceDate "2017.10.13"]
[SourceVersion "1"]
[SourceVersionDate "2017.10.13"]
[SourceQuality "1"]

1. d4 Nf6 2. c4 e6 3. Nc3 Bb4 4. Qc2 c5 5. e3 Qa5 6. Bd3 Nc6 7. Nge2 d5 8. 0-0 a6 9. cxd5 exd5 10. dxc5 Qxc5 11. a3 Bxc3 12. Nxc3 Ne5 13. b4 Qd6 14. f4 Ng6 15. Bb2 Qb6 16. Kh1 0-0 17. f5 Ne7 18. Na4 Qd6 19. Qe2 Bd7 20. Nc5 Bc6 21. Bd4 Kh8 22. h3 Rfe8 23. Qb2 Nc8 24. Rae1 b6 25. Nxa6 Bb7 26. b5 Na7 27. Bxf6 gxf6 28. Nc7 Rg8 29. Nxa8 Bxa8 30. Qd4 Qg3 31. Qxf6+ Rg7 32. Re2 d4 33. Qd8+ Rg8 34. Qxd4+ Rg7 35. e4 Nc8 36. Rc1 Nd6 37. Qe3 Nxf5 38. Rc8+ Rg8 39. Rxg8+ Kxg8 40. exf5 1-0